|
|
|
|
| LEADER |
00000nam a2200000Ia 4500 |
| 008 |
170516b xxu||||| |||| 00| | spa d |
| 999 |
|
|
|c 1225
|d 1225
|
| 090 |
|
|
|a 01.02.04
|b 92
|
| 245 |
1 |
0 |
|a Ley de ampliación del curso lectivo. Convenio centroamericano sobre la unificación básica de la educación /
|c Luis Guillermo Cornejo Rojas, compilador
|
| 260 |
|
|
|a [s.l.] :
|b [s.n.],
|c s.f.
|
| 300 |
|
|
|a 48 páginas
|
| 650 |
1 |
4 |
|a CONVENIOS
|9 46
|
| 650 |
1 |
4 |
|a EDUCACIÓN
|9 1
|
| 650 |
1 |
4 |
|a REGLAMENTOS
|9 1990
|
| 700 |
1 |
|
|a Cornejo Rojas, Luis Guillermo
|e Compilador/a
|9 2748
|
| 942 |
|
|
|i 0044
|h 01.02.04 92
|2 z
|c 01
|